| 000 | 00443nam a2200193Ia 4500 | ||
|---|---|---|---|
| 005 | 20240823054303.0 | ||
| 008 | 240823s9999||||xx |||||||||||||| ||und|| | ||
| 020 | _a978-93-82532-04-0 | ||
| 041 | _aENGLISH | ||
| 082 | _A822.33 Q3 | ||
| 100 | _aMosam Sinha | ||
| 245 | 0 | _ashakespeares Twelfth Night | |
| 250 | _a1st | ||
| 260 |
_c2013 _b"YKING Books, J" |
||
| 500 | _aYES | ||
| 650 |
_aNovel _bEnglish |
||
| 942 | _cBK | ||
| 999 |
_c226102 _d226102 |
||